Culture Générale - Série 665 - Statistiques

Statistiques générales
  • Ce quiz a été pris 181 fois
  • Le résultat moyen est 7 sur 10
Statistiques - réponses
Question Réponse % Correct
Pour exprimer le besoin d'en avoir toujours plus, on emploie le proverbe : "l'appétit vient en... mangeant
95%
De quel pays d'Asie, Kaboul est-elle la capitale ? Afghanistan
93%
Selon l'expression, quel adjectif qualifie une brebis quand elle désigne une personne indésirable, tenue à l'écart ? galeuse
84%
Complétez ce titre d'un livre de J.K. Rowling : "Harry Potter et la chambre des... secrets
80%
En France, sous quel nom connaît-on mieux la ville belge d'Antwerpen ? Anvers
76%
Sur de nombreux sites Web français, que signifie le "F" de la rubrique "FAQ" ? Foire
70%
En 1981, dans quelle ville d'Europe sévit le "Loup-garou" du réalisateur John Landis ? Londres
63%
Dans quelle ville le compositeur Gioacchino Rossini est-il mort ? Paris
50%
Quel État des États-Unis a pour capitale la ville de Jackson ? Mississippi
24%
Quel boxeur américain fut battu, en 1974 à Kinshasa, par Muhammad Ali dans un combat pour le titre mondial ? George Foreman
17%
Aucun quiz correspondant
Distribution des résultats
% des personnes avec chaque résultat
Percentile par nombre de réponses
Votre historique - résultats
Vous n’avez pas pris ce quiz